| 000 | 01070nam a22003377a 4500 | ||
|---|---|---|---|
| 003 | CHAP | ||
| 005 | 20220329143346.0 | ||
| 008 | 081215s2005 ii r 00010 eng d | ||
| 010 | _a95492 | ||
| 011 | _a96464 | ||
| 020 | _a1842652087 | ||
| 035 | _a107118 | ||
| 040 | _cCHAP | ||
| 082 | 0 | 4 |
_a519.2 _bC36 _22005 |
| 100 | 1 |
_aChandra, T.K. _921838 |
|
| 245 | 1 | 2 |
_aA first course in probability _c/by T.K. Chandra and D. Chatterjje |
| 250 | _a3 ed. | ||
| 260 |
_aIndia : _bAlpha Science, _c2005 |
||
| 300 | _axvi, 494 p. | ||
| 590 |
_aBATCH-UPD _b10 _c20130110 _lUCH01 _h1539 |
||
| 590 |
_aBATCH-UPD _b10 _c20130410 _lUCH01 _h0942 |
||
| 590 |
_aBATCH-UPD _b10 _c20130914 _lUCH01 _h0951 |
||
| 590 |
_aCONVERSION _b10 _c20130109 _lUCH01 _h1353 |
||
| 650 | 1 | 4 |
_aCálculo. _923990 |
| 650 | 1 | 4 |
_aProbabilidad. _991685 |
| 700 | 1 |
_aChatterjje, D. _922011 |
|
| 901 | _aBK | ||
| 942 | _cLIBRO | ||
| 949 |
_a519.2 C36 2005 _bBC _cLIBRO _d33724002076116 _eLIBRO _h110064 _i107118 _sb _t$906.00 |
||
| 949 |
_a519.2 C36 2005 _bBC _cLIBRO _d33724002077520 _eLIBRO _fc.2 _h110065 _i107118 _si _t$906.00 |
||
| 999 |
_c95492 _d95492 |
||